Vista normal
Vista MARC
Entrada Materia (personas)
Número de registros utilizados en: 2
001 - CONTROL NUMBER
- control field: 77262
003 - CONTROL NUMBER IDENTIFIER
- control field: Co-BoUCM
005 - DATE AND TIME OF LATEST TRANSACTION
- control field: 20160517115513.0
008 - FIXED-LENGTH DATA ELEMENTS
- fixed length control field: 160517|| aca||aabn | a|a d
040 ## - CATALOGING SOURCE
- Original cataloging agency: Co-BoUCM
- Transcribing agency: Co-BoUCM
100 ## - HEADING--PERSONAL NAME
- Personal name: Bourdaloue, Louis
- Dates associated with a name: 1632-1704
670 ## - SOURCE DATA FOUND
- Source citation: Work cat.: (Co-BoUCM): Bourdaloue, Louis 1632-1704, La Passion de N. S. Jésus-Chris, 1904